Dokáže teorie veřejné volby vysvětlit rozšiřování Evropské unie?
Priebeh rozširovania Európskej únie. Teoretické prístupy k európskej integrácii. Neofunkcionalistický a neorealistický prístup. Prístup verejnej voľby. Model racionálneho aktéra a model byrokratickej politiky. Náklady a výnosy rozšírenia Európskej únie. Úžitok občana a politika rozširovania EÚ. Tlak...
Salvato in:
| Autore principale: | |
|---|---|
| Natura: | Capitolo di libro |
| Lingua: | ceco |
| Soggetti: | |
| Tags: |
Nessun Tag, puoi essere il primo ad aggiungerne!!
|
MARC
| LEADER | 00000naa$a2200000$$$4500 | ||
|---|---|---|---|
| 001 | 0029896 | ||
| 005 | 20231016100037.0 | ||
| 041 | 0 | |a cze | |
| 044 | |a CZ | ||
| 245 | 1 | 0 | |a Dokáže teorie veřejné volby vysvětlit rozšiřování Evropské unie? |c Marek Loužek |
| 520 | |a Priebeh rozširovania Európskej únie. Teoretické prístupy k európskej integrácii. Neofunkcionalistický a neorealistický prístup. Prístup verejnej voľby. Model racionálneho aktéra a model byrokratickej politiky. Náklady a výnosy rozšírenia Európskej únie. Úžitok občana a politika rozširovania EÚ. Tlak záujmových skupín. | ||
| 610 | 2 | 0 | |a vzťahy medzinárodné |
| 610 | 2 | 0 | |a politika zahraničná |
| 610 | 2 | 0 | |a spolupráca hospodárska medzinárodná |
| 610 | 2 | 0 | |a integrácia ekonomická medzinárodná |
| 610 | 2 | 0 | |a krajiny tranzitívne |
| 610 | 2 | 0 | |a krajiny vyspelé |
| 610 | 2 | 0 | |a teórie politické |
| 610 | 2 | 0 | |a štát |
| 610 | 2 | 0 | |a občania |
| 610 | 2 | 0 | |a voľba verejná |
| 610 | 2 | 0 | |a náklady |
| 610 | 2 | 0 | |a výnosy |
| 610 | 2 | 0 | |a skupiny záujmové |
| 610 | 2 | 0 | |a Európska únia |
| 100 | 1 | |a Loužek, Marek | |